| 000 | 00868nam a22003131i 4500 | ||
|---|---|---|---|
| 999 |
_c3085 _d3085 |
||
| 001 | 019629702 | ||
| 003 | UkOxU | ||
| 005 | 20231004092415.0 | ||
| 008 | 130712s2013 enk j 000 f eng|d | ||
| 015 |
_aGBB379650 _2bnb |
||
| 016 | 7 |
_a016489445 _2Uk |
|
| 020 | _a9781407143644 (pbk.) : | ||
| 035 | _a(Uk)016489445 | ||
| 040 |
_aStDuBDS _beng _erda _cStDuBDS _dUk |
||
| 042 | _aukblsr | ||
| 082 | 0 | 4 |
_a823.8 DIC _223 |
| 100 | 1 |
_aDickens, Charles, _d1812-1870, _eauthor. |
|
| 245 | 1 | 2 |
_aA Christmas carol / _cby Charles Dickens. |
| 264 | 1 |
_aLondon : _bScholastic, _c2013. |
|
| 300 |
_a1 volume ; _c20 cm. |
||
| 336 |
_atext _2rdacontent |
||
| 337 |
_aunmediated _2rdamedia |
||
| 338 |
_avolume _2rdacarrier |
||
| 490 | 0 | _aScholastic classics | |
| 500 |
_aFormerly CIP. _5Uk |
||
| 655 | 0 | _aChristmas fiction. | |
| 655 | 0 | _aChildren's stories. | |
| 942 |
_2ddc _cFIC |
||